书目信息 |
| 题名: |
21世纪美国主流文化思想研究
|
|
| 作者: | 傅洁琳 著 | |
| 分册: | ||
| 出版信息: | 北京 中国社会科学出版社 2016 |
|
| 页数: | 283页 | |
| 开本: | 24cm | |
| 丛书名: | ||
| 单 册: | ||
| 中图分类: | G171.2 | |
| 科图分类: | ||
| 主题词: | 文化思想--wen hua si xiang--研究--美国--21世纪 | |
| 电子资源: | ||
| ISBN: | 978-7-5161-8546-9 | |
| 000 | 00903nam0 22002291 450 | |
| 001 | 0118172344 | |
| 005 | 20170618172344.0 | |
| 010 | @a978-7-5161-8546-9@dCNY66.00 | |
| 100 | @a20161205d2016 em y0chiy50 ea | |
| 101 | 0 | @achi |
| 102 | @aCN@b110000 | |
| 105 | @ay z 000yy | |
| 106 | @ar | |
| 200 | 1 | @a21世纪美国主流文化思想研究@A21shi ji mei guo zhu liu wen hua si xiang yan jiu@f傅洁琳著 |
| 210 | @a北京@c中国社会科学出版社@d2016 | |
| 215 | @a283页@d24cm | |
| 330 | @a本书从人类和平发展以及个体生命运行的角度,全面阐述21世纪美国进步文化思想,旨在通过向中国介绍美国的当代文化思想,也向世界介绍中国传统圣贤文化,进而将中美文化思想做了彻底的融合和对话,祈愿中美关系世世代代和平友好。 | |
| 606 | 0 | @a文化思想@Awen hua si xiang@x研究@y美国@z21世纪 |
| 690 | @aG171.2@v5 | |
| 701 | 0 | @a傅洁琳@Afu jie lin@c(女,@f1965~)@4著 |
| 801 | 0 | @aCN@bTANGWEI@c20170615 |
| 905 | @b1009503-8@dG171.2@e208@f6 | |
| 21世纪美国主流文化思想研究/傅洁琳著 .-北京:中国社会科学出版社,2016 |
| 283页;24cm |
| ISBN 978-7-5161-8546-9:CNY66.00 |
| 本书从人类和平发展以及个体生命运行的角度,全面阐述21世纪美国进步文化思想,旨在通过向中国介绍美国的当代文化思想,也向世界介绍中国传统圣贤文化,进而将中美文化思想做了彻底的融合和对话,祈愿中美关系世世代代和平友好。 |
| ● |
| 相关链接 |
|
|
|
|
正题名:21世纪美国主流文化思想研究
索取号:G171.2/208
 
预约/预借
| 序号 | 登录号 | 条形码 | 馆藏地/架位号 | 状态 | 备注 |
| 1 | 1009503 | 210095038 | 第一样本阅览室/ [索取号:G171.2/208] | 在馆 | |
| 2 | 1009504 | 210095047 | 教育系资料室/ [索取号:G171.2/208] | 在馆 | |
| 3 | 1009505 | 210095056 | 教育系资料室/ [索取号:G171.2/208] | 在馆 | |
| 4 | 1009506 | 210095065 | 教育系资料室/ [索取号:G171.2/208] | 在馆 | |
| 5 | 1009507 | 210095074 | 第四借阅区/ [索取号:G171.2/208] | 在馆 | |
| 6 | 1009508 | 210095083 | 第四借阅区/ [索取号:G171.2/208] | 在馆 |